000 00482nam a2200205Ia 4500
008 170918s9999 xx 000 0 und d
020 _a9780545258371
050 _bC826 2010
100 _aCorse, Nicole
245 _aPet heroes /
245 _cNicole Corse.
260 _aNew York :
260 _bScholastic,
260 _c2010
300 _a32 pages :
300 _bcolored illustration ;
300 _c23cm.
440 _aScholastic reader level 3.
500 _a870
999 _c342152
_d342152